Statistiken für Legendäre Pokémon

Klicken Sie hier um das Quiz zu spielen!

Allgemein

  • Dieses Quiz wurde 3.743 mal gespielt
    (3.326 seit der letzten Aktualisierung)
  • Das Durchschnittsergebnis liegt bei 44 aus 79

Antwortstatistiken

RegionPokémon% Korrekt
KantoMew
98%
KantoArktos
96%
KantoLavados
96%
KantoZapdos
95%
KantoMewtu
93%
JohtoHo-oh
90%
JohtoLugia
89%
JohtoEntei
87%
HoennGroudon
86%
JohtoSuicune
85%
HoennKyogre
84%
SinnohPalkia
84%
HoennRayquaza
84%
SinnohDialga
83%
JohtoRaikou
79%
HoennRegirock
78%
HoennRegice
77%
HoennRegisteel
77%
JohtoCelebi
76%
SinnohGiratina
75%
SinnohArceus
70%
SinnohRegigigas
70%
HoennLatias
69%
HoennLatios
69%
SinnohDarkrai
68%
EinallReshiram
68%
EinallZekrom
68%
SinnohVesprit
64%
SinnohSelfe
63%
HoennDeoxys
61%
SinnohTobutz
61%
KalosYveltal
61%
KalosXerneas
60%
HoennJirachi
58%
EinallKyurem
57%
SinnohShaymin
57%
AlolaSolgaleo
57%
SinnohHeatran
56%
AlolaLunala
56%
KalosZygarde
55%
SinnohCresselia
54%
EinallKobalium
50%
SinnohManaphy
50%
EinallTerrakium
50%
EinallVictini
49%
EinallViridium
49%
GalarZamazenta
49%
AlolaKapu-Riki
48%
GalarZacian
47%
EinallVoltolos
46%
EinallBoreos
44%
SinnohPhione
44%
EinallDemeteros
42%
AlolaKapu-Fala
41%
AlolaKapu-Toro
41%
EinallKeldeo
41%
GalarEndynalos
38%
EinallGenesect
38%
AlolaKapu-Kime
38%
AlolaNecrozma
37%
AlolaCosmog
36%
EinallMeloetta
35%
KalosHoopa
34%
GalarRegidrago
33%
AlolaCosmovum
30%
GalarRegieleki
30%
KalosVolcanion
30%
KalosDiancie
29%
GalarCoronospa
25%
AlolaMarshadow
24%
AlolaZeraora
24%
AlolaMelmetal
22%
AlolaMagearna
21%
AlolaMeltan
21%
GalarZarude
21%
GalarPhantoross
20%
GalarPolaross
20%
GalarWulaosu
20%
GalarDakuma
19%

Verteilung der Resultate

Perzentil nach korrekt beantworteten Fragen

Anzahl Personen mit jedem Resultat

Ihre Resultats-Entwicklung

Sie haben dieses Quiz seit der letzten Aktualisierung nicht gespielt